| 000 | 01009nam a22002772a 4500 | ||
|---|---|---|---|
| 001 | 29258 | ||
| 003 | BD-RjUL | ||
| 005 | 20211209051406.0 | ||
| 008 | 140403s1955 nyuae b 001 0 eng d | ||
| 035 | _a(BD-RjUL)29343 | ||
| 040 |
_aDLC _cFQG _dSER _dOCL _dEQO _dBD-RjUL _beng |
||
| 041 | _aeng | ||
| 082 |
_a658.01 _bSPS 1955 |
||
| 100 | 1 |
_a Spriegel, William R. _d1893-1972. _q(William Robert), _989304 |
|
| 245 | 1 | 0 |
_aSpriegel and Landsburgh industrial management / _cWilliam R Spriegel; Richard H Landsburgh |
| 250 | _a5th ed. | ||
| 260 |
_aNew York ; _aBombay; _aLondon : _bJ. Wiley & Sons, inc ; _bAsia publishing House; _bChapman & Hall, limited, _cc1955, [Indian printing 1962] |
||
| 300 |
_avarious pages : _bill. ; _c24 cm |
||
| 504 | _aIncludes bibliography and index. | ||
| 650 | 0 |
_aFactory management _99511 |
|
| 650 | 0 |
_aIndustrial efficiency _96102 |
|
| 650 | 0 |
_aIndustrial management. _9231400 |
|
| 700 | 1 |
_aLansburgh, Richard Hines, _d1893- _989305 |
|
| 942 |
_2ddc _cBK |
||
| 999 |
_c29258 _d29258 |
||